[Event "Blitz 2018"]
[Site "Saint-Petersburg"]
[Date "2018.12.30"]
[Round "20"]
[Board "45"]
[White "Gasanov Eldar (UKR)"]
[Black "Bazeev German (RUS)"]
[Result "0-1"]
[LiveChessVersion "1.4.8"]
[BlackElo "2422"]
[WhiteElo "2581"]

1. d4 {[%clk 0:02:53]} Nf6 {[%clk 0:03:04]} 2. c4 {[%clk 0:02:52]} e6
{[%clk 0:03:05]} 3. Nf3 {[%clk 0:02:41]} b6 {[%clk 0:03:06]} 4. Bf4
{[%clk 0:02:41]} Bb7 {[%clk 0:03:02]} 5. e3 {[%clk 0:02:41]} g6 {[%clk 0:03:02]}
6. Nc3 {[%clk 0:02:41]} Bg7 {[%clk 0:03:02]} 7. Be2 {[%clk 0:02:38]} O-O
{[%clk 0:03:02]} 8. h3 {[%clk 0:02:31]} d6 {[%clk 0:03:03]} 9. Qc2
{[%clk 0:02:25]} Nbd7 {[%clk 0:03:02]} 10. O-O {[%clk 0:02:20]} a6
{[%clk 0:03:02]} 11. e4 {[%clk 0:02:13]} Qe7 {[%clk 0:02:32]} 12. Rfd1
{[%clk 0:02:07]} Nh5 {[%clk 0:02:17]} 13. Bg5 {[%clk 0:02:05]} f6
{[%clk 0:02:16]} 14. Be3 {[%clk 0:01:57]} f5 {[%clk 0:02:17]} 15. exf5
{[%clk 0:01:49]} gxf5 {[%clk 0:02:15]} 16. Re1 {[%clk 0:01:39]} Bf6
{[%clk 0:01:57]} 17. d5 {[%clk 0:01:28]} Bxc3 {[%clk 0:01:59]} 18. Qxc3
{[%clk 0:01:24]} e5 {[%clk 0:01:49]} 19. Nxe5 {[%clk 0:01:18]} Nxe5
{[%clk 0:01:47]} 20. Bxh5 {[%clk 0:01:19]} Qh4 {[%clk 0:01:37]} 21. Bd1
{[%clk 0:00:52]} Rae8 {[%clk 0:01:38]} 22. Bd4 Ng6 {[%clk 0:00:55]} 23. Bf3
{[%clk 0:00:39]} Bc8 {[%clk 0:00:52]} 24. Bg7 {[%clk 0:00:32]} Ne5
{[%clk 0:00:41]} 25. Bxe5 {[%clk 0:00:27]} dxe5 {[%clk 0:00:41]} 26. Rxe5
{[%clk 0:00:26]} Rxe5 {[%clk 0:00:42]} 27. Qxe5 {[%clk 0:00:27]} Qxc4
{[%clk 0:00:43]} 28. d6 {[%clk 0:00:27]} c6 {[%clk 0:00:42]} 29. Rd1
{[%clk 0:00:21]} Bd7 {[%clk 0:00:42]} 30. Rd4 {[%clk 0:00:20]} Qxa2
{[%clk 0:00:41]} 31. Kh2 {[%clk 0:00:12]} Qe6 {[%clk 0:00:42]} 32. Qf4
{[%clk 0:00:11]} Qf6 {[%clk 0:00:42]} 33. Bd1 {[%clk 0:00:09]} c5
{[%clk 0:00:43]} 34. Rd3 {[%clk 0:00:09]} Kh8 {[%clk 0:00:45]} 35. Re3
{[%clk 0:00:09]} Rd8 {[%clk 0:00:44]} 36. Re7 {[%clk 0:00:09]} Be8
{[%clk 0:00:44]} 37. Bc2 {[%clk 0:00:09]} Bg6 {[%clk 0:00:45]} 38. Ra7 Qxd6
{[%clk 0:00:44]} 39. Qxd6 {[%clk 0:00:06]} Rxd6 {[%clk 0:00:45]} 40. Rxa6
{[%clk 0:00:07]} Kg7 {[%clk 0:00:45]} 41. f4 {[%clk 0:00:06]} Rd2
{[%clk 0:00:46]} 42. Bb3 {[%clk 0:00:05]} Rxb2 {[%clk 0:00:47]} 43. Bd5
{[%clk 0:00:04]} b5 {[%clk 0:00:46]} 44. Rb6 {[%clk 0:00:06]} b4 45. Rb5 Rc2
{[%clk 0:00:43]} 46. Kg3 {[%clk 0:00:08]} Kf6 47. Rb6+ Ke7 {[%clk 0:00:45]} 48.
Kf3 {[%clk 0:00:09]} Rc3+ {[%clk 0:00:46]} 49. Ke2 {[%clk 0:00:10]} Rg3
{[%clk 0:00:46]} 50. Bf3 {[%clk 0:00:09]} Bf7 {[%clk 0:00:47]} 51. Kf2
{[%clk 0:00:07]} Rg6 {[%clk 0:00:48]} 52. Rb5 {[%clk 0:00:09]} Kd6
{[%clk 0:00:48]} 53. Rb6+ Ke7 {[%clk 0:00:42]} 54. Rb7+ {[%clk 0:00:10]} Kf8
{[%clk 0:00:42]} 55. Rc7 {[%clk 0:00:11]} b3 {[%clk 0:00:44]} 56. Rxc5
{[%clk 0:00:12]} Rb6 {[%clk 0:00:44]} 57. Be2 {[%clk 0:00:11]} b2
{[%clk 0:00:45]} 58. Bd3 {[%clk 0:00:13]} Bg6 {[%clk 0:00:40]} 59. h4
{[%clk 0:00:14]} b1=Q {[%clk 0:00:39]} 60. Bxb1 {[%clk 0:00:16]} Rxb1
{[%clk 0:00:40]} 61. h5 {[%clk 0:00:17]} Bxh5 {[%clk 0:00:41]} 62. Rxf5+
{[%clk 0:00:18]} Bf7 {[%clk 0:00:42]} 63. g4 {[%clk 0:00:20]} Kg7
{[%clk 0:00:44]} 64. Re5 {[%clk 0:00:18]} Rb3 {[%clk 0:00:44]} 65. Kg2
{[%clk 0:00:21]} Kf6 {[%clk 0:00:44]} 66. Rf5+ {[%clk 0:00:23]} Kg6 67. Rg5+ Kf6
{[%clk 0:00:47]} 68. Rf5+ {[%clk 0:00:26]} Kg7 {[%clk 0:00:48]} 69. Rg5+
{[%clk 0:00:28]} Bg6 {[%clk 0:00:50]} 70. Rc5 {[%clk 0:00:24]} Kf6
{[%clk 0:00:50]} 71. Rc6+ {[%clk 0:00:25]} Ke7 {[%clk 0:00:51]} 72. f5
{[%clk 0:00:25]} Bf7 {[%clk 0:00:52]} 73. Rh6 {[%clk 0:00:24]} Bd5+
{[%clk 0:00:49]} 74. Kf2 {[%clk 0:00:22]} Bg8 {[%clk 0:00:51]} 75. g5
{[%clk 0:00:17]} Rb5 {[%clk 0:00:48]} 76. g6 {[%clk 0:00:09]} Rxf5+ 77. Ke3 hxg6
{[%clk 0:00:46]} 78. Rxg6 {[%clk 0:00:12]} Be6 {[%clk 0:00:47]} 79. Rh6
{[%clk 0:00:10]} Kd6 {[%clk 0:00:49]} 80. Rh8 {[%clk 0:00:08]} Rb5
{[%clk 0:00:50]} 81. Kd4 {[%clk 0:00:06]} Rb4+ {[%clk 0:00:51]} 82. Kc3
{[%clk 0:00:07]} Rg4 {[%clk 0:00:52]} 83. Rd8+ {[%clk 0:00:07]} Ke5
{[%clk 0:00:53]} 84. Re8 {[%clk 0:00:08]} Rg3+ {[%clk 0:00:54]} 85. Kb4
{[%clk 0:00:09]} Kd6 {[%clk 0:00:54]} 86. Rd8+ {[%clk 0:00:08]} Ke5
{[%clk 0:00:55]} 87. Re8 {[%clk 0:00:08]} Rb3+ {[%clk 0:00:55]} 88. Kc5
{[%clk 0:00:10]} Rc3+ {[%clk 0:00:56]} 89. Kb4 {[%clk 0:00:11]} Rc1
{[%clk 0:00:57]} 90. Ka3 {[%clk 0:00:09]} Kd6 {[%clk 0:00:56]} 91. Rd8+
{[%clk 0:00:08]} Kc7 {[%clk 0:00:57]} 92. Rh8 {[%clk 0:00:07]} Rb1
{[%clk 0:00:58]} 93. Rh2 {[%clk 0:00:06]} Kd6 {[%clk 0:00:57]} 94. Rb2
{[%clk 0:00:06]} Rc1 {[%clk 0:00:58]} 95. Kb4 {[%clk 0:00:06]} Rc4+
{[%clk 0:00:56]} 96. Ka3 {[%clk 0:00:07]} Kc5 {[%clk 0:00:54]} 97. Rh2
{[%clk 0:00:04]} Bd5 {[%clk 0:00:46]} 98. Kb2 {[%clk 0:00:03]} Ra4
{[%clk 0:00:45]} 99. Rd2 {[%clk 0:00:03]} Bc4 {[%clk 0:00:45]} 100. Kb1
{[%clk 0:00:04]} Kb4 {[%clk 0:00:45]} 101. Rd8 {[%clk 0:00:04]} Kc3
{[%clk 0:00:45]} 102. Rc8 {[%clk 0:00:04]} Ra7 {[%clk 0:00:42]} 103. Rc6
{[%clk 0:00:05]} Rg7 {[%clk 0:00:42]} 0-1

[Event "Blitz 2018"]
[Site "Saint-Petersburg"]
[Date "2018.12.30"]
[Round "20"]
[Board "46"]
[White "Gareyev Timur (USA)"]
[Black "Vokhidov Shamsiddin (UZB)"]
[Result "1-0"]
[LiveChessVersion "1.4.8"]
[BlackElo "2414"]
[WhiteElo "2577"]

1. d4 {[%clk 0:03:02]} d5 {[%clk 0:03:04]} 2. c4 {[%clk 0:03:03]} e6
{[%clk 0:03:05]} 3. Nc3 {[%clk 0:03:03]} Bb4 {[%clk 0:03:05]} 4. a3
{[%clk 0:03:02]} Bxc3+ {[%clk 0:03:06]} 5. bxc3 {[%clk 0:03:04]} c6
{[%clk 0:03:05]} 6. e3 {[%clk 0:02:56]} Nf6 {[%clk 0:03:06]} 7. Nf3
{[%clk 0:02:55]} b6 {[%clk 0:03:07]} 8. a4 {[%clk 0:02:52]} O-O {[%clk 0:03:06]}
9. Ba3 {[%clk 0:02:50]} Re8 {[%clk 0:03:07]} 10. Ne5 {[%clk 0:02:47]} Ba6
{[%clk 0:03:06]} 11. Bd3 {[%clk 0:02:47]} Qc7 {[%clk 0:02:59]} 12. O-O
{[%clk 0:02:41]} dxc4 {[%clk 0:02:45]} 13. Bxc4 {[%clk 0:02:21]} Bxc4
{[%clk 0:02:21]} 14. Nxc4 {[%clk 0:02:21]} Nbd7 {[%clk 0:02:22]} 15. Nd6
{[%clk 0:02:16]} Red8 {[%clk 0:02:23]} 16. e4 {[%clk 0:02:11]} Ne8
{[%clk 0:02:00]} 17. e5 {[%clk 0:02:01]} Nxd6 {[%clk 0:02:01]} 18. Bxd6
{[%clk 0:02:01]} Qb7 {[%clk 0:02:02]} 19. f4 {[%clk 0:02:02]} Nf8
{[%clk 0:01:57]} 20. f5 {[%clk 0:02:01]} exf5 {[%clk 0:01:49]} 21. Rxf5
{[%clk 0:02:02]} Ng6 {[%clk 0:01:25]} 22. Qh5 {[%clk 0:01:52]} f6
{[%clk 0:01:23]} 23. Raf1 {[%clk 0:01:46]} Qd7 {[%clk 0:01:16]} 24. R1f3
{[%clk 0:01:38]} fxe5 {[%clk 0:01:11]} 25. dxe5 {[%clk 0:01:28]} Qe6
{[%clk 0:01:05]} 26. Rh3 {[%clk 0:01:26]} h6 {[%clk 0:01:05]} 27. Rg3
{[%clk 0:01:07]} Nf8 {[%clk 0:00:39]} 28. Rf6 {[%clk 0:00:36]} Rxd6
{[%clk 0:00:39]} 29. Rxe6 {[%clk 0:00:30]} Rxe6 {[%clk 0:00:40]} 30. Qg4
{[%clk 0:00:26]} Rg6 {[%clk 0:00:37]} 31. Qc4+ {[%clk 0:00:28]} Re6
{[%clk 0:00:38]} 32. Rd3 {[%clk 0:00:24]} Kh8 {[%clk 0:00:34]} 33. h3
{[%clk 0:00:20]} Rae8 {[%clk 0:00:35]} 34. Rd6 {[%clk 0:00:19]} Rxe5
{[%clk 0:00:33]} 35. Qxc6 {[%clk 0:00:20]} R5e7 {[%clk 0:00:29]} 36. c4
{[%clk 0:00:18]} Ne6 {[%clk 0:00:29]} 37. a5 {[%clk 0:00:16]} bxa5
{[%clk 0:00:30]} 38. Qb5 {[%clk 0:00:16]} Nf4 {[%clk 0:00:30]} 39. Rd2
{[%clk 0:00:13]} Re5 {[%clk 0:00:29]} 40. Qd7 {[%clk 0:00:13]} Rf8
{[%clk 0:00:24]} 41. Qd6 {[%clk 0:00:12]} Ref5 {[%clk 0:00:24]} 42. c5
{[%clk 0:00:12]} R5f6 {[%clk 0:00:21]} 43. Qe7 {[%clk 0:00:11]} Ng6
{[%clk 0:00:21]} 44. Qxa7 {[%clk 0:00:11]} Rc6 {[%clk 0:00:17]} 45. Qxa5
{[%clk 0:00:13]} Rfc8 {[%clk 0:00:18]} 46. Rd8+ {[%clk 0:00:14]} Rxd8
{[%clk 0:00:16]} 47. Qxd8+ {[%clk 0:00:15]} Kh7 {[%clk 0:00:17]} 48. Qd5
{[%clk 0:00:15]} Rc8 {[%clk 0:00:17]} 49. c6 {[%clk 0:00:16]} Kh8
{[%clk 0:00:11]} 50. Qe6 {[%clk 0:00:16]} 1-0

[Event "Blitz 2018"]
[Site "Saint-Petersburg"]
[Date "2018.12.30"]
[Round "20"]
[Board "47"]
[White "Christiansen Johan-Sebastian (NOR)"]
[Black "Kazhgaleyev Murtas (KAZ)"]
[Result "1-0"]
[LiveChessVersion "1.4.8"]
[BlackElo "2553"]
[WhiteElo "2635"]

1. e4 {[%clk 0:03:03]} e5 {[%clk 0:03:02]} 2. Nc3 {[%clk 0:03:02]} Nc6
{[%clk 0:02:57]} 3. Nf3 {[%clk 0:03:02]} d6 {[%clk 0:02:55]} 4. Bc4
{[%clk 0:02:58]} Be6 {[%clk 0:02:55]} 5. Bxe6 {[%clk 0:02:55]} fxe6
{[%clk 0:02:55]} 6. d4 {[%clk 0:02:52]} exd4 {[%clk 0:02:51]} 7. Nxd4
{[%clk 0:02:53]} Qd7 {[%clk 0:02:50]} 8. Be3 {[%clk 0:02:49]} Nf6
{[%clk 0:02:50]} 9. O-O {[%clk 0:02:47]} Be7 {[%clk 0:02:51]} 10. h3
{[%clk 0:02:47]} O-O {[%clk 0:02:50]} 11. Qe2 {[%clk 0:02:47]} Nxd4
{[%clk 0:02:38]} 12. Bxd4 {[%clk 0:02:47]} c5 {[%clk 0:02:39]} 13. Be3
{[%clk 0:02:09]} d5 {[%clk 0:02:40]} 14. exd5 {[%clk 0:02:08]} exd5
{[%clk 0:02:40]} 15. Rad1 {[%clk 0:02:05]} d4 {[%clk 0:02:34]} 16. Bg5
{[%clk 0:02:04]} Kh8 {[%clk 0:02:20]} 17. Bxf6 {[%clk 0:01:55]} Rxf6
{[%clk 0:02:20]} 18. Ne4 {[%clk 0:01:36]} Rg6 {[%clk 0:02:20]} 19. Kh1
{[%clk 0:01:16]} Rf8 {[%clk 0:02:20]} 20. Rde1 {[%clk 0:01:08]} Qd5
{[%clk 0:02:08]} 21. b3 {[%clk 0:00:55]} h6 {[%clk 0:01:58]} 22. Qd3
{[%clk 0:00:51]} Qf5 {[%clk 0:01:51]} 23. c3 {[%clk 0:00:37]} dxc3
{[%clk 0:01:47]} 24. Qxc3 {[%clk 0:00:38]} b6 {[%clk 0:01:44]} 25. Ng3
{[%clk 0:00:37]} Qf7 {[%clk 0:01:45]} 26. Re3 {[%clk 0:00:34]} Bf6
{[%clk 0:01:44]} 27. Qd3 {[%clk 0:00:35]} Bd4 {[%clk 0:01:44]} 28. Rf3
{[%clk 0:00:36]} Rf6 {[%clk 0:01:45]} 29. Rxf6 {[%clk 0:00:34]} Qxf6
{[%clk 0:01:46]} 30. Ne4 {[%clk 0:00:31]} Qf5 {[%clk 0:01:47]} 31. Qe2
{[%clk 0:00:27]} Re8 {[%clk 0:01:43]} 32. f3 {[%clk 0:00:23]} Qf4
{[%clk 0:01:44]} 33. g3 {[%clk 0:00:22]} Qf5 {[%clk 0:01:40]} 34. Kg2
{[%clk 0:00:23]} Re7 {[%clk 0:01:33]} 35. Rd1 {[%clk 0:00:24]} Qe5
{[%clk 0:01:30]} 36. Re1 {[%clk 0:00:25]} Qf5 {[%clk 0:01:31]} 37. Qd2
{[%clk 0:00:22]} Rf7 {[%clk 0:01:28]} 38. Rf1 {[%clk 0:00:24]} b5
{[%clk 0:01:24]} 39. Nd6 {[%clk 0:00:24]} Qe6 {[%clk 0:01:20]} 40. Nxf7+
{[%clk 0:00:25]} Qxf7 {[%clk 0:01:21]} 41. Qe2 {[%clk 0:00:26]} c4
{[%clk 0:01:22]} 42. Re1 {[%clk 0:00:26]} c3 {[%clk 0:01:17]} 43. Qxb5
{[%clk 0:00:23]} c2 {[%clk 0:01:10]} 44. Qd3 {[%clk 0:00:24]} Qd7
{[%clk 0:00:57]} 45. Qxc2 {[%clk 0:00:25]} Bf6 {[%clk 0:00:57]} 46. Qe2
{[%clk 0:00:24]} Qd6 {[%clk 0:00:57]} 47. Qe8+ {[%clk 0:00:25]} Kh7
{[%clk 0:00:58]} 48. Qe4+ {[%clk 0:00:26]} Kh8 {[%clk 0:00:59]} 49. Re2
{[%clk 0:00:27]} a5 {[%clk 0:01:00]} 50. h4 {[%clk 0:00:23]} Qc5 {[%clk 0:01:00]}
51. h5 {[%clk 0:00:22]} Qg5 {[%clk 0:00:54]} 52. Qe8+ {[%clk 0:00:20]} Kh7
{[%clk 0:00:56]} 53. Qg6+ {[%clk 0:00:21]} 1-0

[Event "Blitz 2018"]
[Site "Saint-Petersburg"]
[Date "2018.12.30"]
[Round "20"]
[Board "48"]
[White "Kovalev Vladislav (BLR)"]
[Black "Paravyan David (RUS)"]
[Result "0-1"]
[LiveChessVersion "1.4.8"]
[BlackElo "2629"]
[WhiteElo "2553"]

1. e4 {[%clk 0:03:03]} e5 {[%clk 0:03:04]} 2. Nf3 {[%clk 0:03:04]} Nc6
{[%clk 0:03:05]} 3. Nc3 {[%clk 0:03:06]} Nf6 {[%clk 0:03:05]} 4. h3
{[%clk 0:03:07]} Bb4 {[%clk 0:02:47]} 5. Bd3 {[%clk 0:03:08]} O-O
{[%clk 0:02:48]} 6. O-O {[%clk 0:03:08]} Re8 {[%clk 0:02:49]} 7. Re1
{[%clk 0:03:09]} Bf8 {[%clk 0:02:40]} 8. a3 {[%clk 0:02:55]} d6 {[%clk 0:02:41]}
9. Ne2 {[%clk 0:02:44]} Nxe4 {[%clk 0:02:24]} 10. Bxe4 {[%clk 0:02:43]} d5
{[%clk 0:02:25]} 11. d3 {[%clk 0:02:10]} dxe4 {[%clk 0:02:26]} 12. dxe4
{[%clk 0:02:11]} f6 {[%clk 0:02:26]} 13. Nc3 {[%clk 0:02:05]} Be6
{[%clk 0:02:27]} 14. Nd5 {[%clk 0:02:04]} Ne7 {[%clk 0:02:23]} 15. Nxe7+
{[%clk 0:01:31]} Bxe7 {[%clk 0:02:23]} 16. Be3 {[%clk 0:01:31]} a6
{[%clk 0:02:15]} 17. Qxd8 {[%clk 0:00:51]} Rexd8 18. Rad1 Kf7 {[%clk 0:02:09]}
19. Rd2 {[%clk 0:00:49]} Rxd2 {[%clk 0:02:09]} 20. Nxd2 {[%clk 0:00:50]} Rd8
{[%clk 0:02:10]} 21. Kf1 {[%clk 0:00:50]} a5 {[%clk 0:02:00]} 22. Ke2
{[%clk 0:00:44]} g6 {[%clk 0:01:57]} 23. Rd1 {[%clk 0:00:40]} b6 {[%clk 0:01:45]}
24. a4 {[%clk 0:00:31]} h5 {[%clk 0:01:41]} 25. b3 {[%clk 0:00:28]} Bb4
{[%clk 0:01:37]} 26. Nc4 {[%clk 0:00:13]} Rxd1 {[%clk 0:01:05]} 27. Kxd1
{[%clk 0:00:14]} Ke7 {[%clk 0:01:00]} 28. Ke2 {[%clk 0:00:11]} Kd7
{[%clk 0:01:01]} 29. Kd3 {[%clk 0:00:10]} Kc6 {[%clk 0:01:02]} 30. f3
{[%clk 0:00:09]} Bf8 {[%clk 0:00:59]} 31. c3 {[%clk 0:00:05]} Kb7
{[%clk 0:01:00]} 32. Nd2 {[%clk 0:00:04]} Ka6 {[%clk 0:00:57]} 33. Nc4
{[%clk 0:00:05]} Be7 {[%clk 0:00:57]} 34. Kc2 {[%clk 0:00:05]} Bd8
{[%clk 0:00:56]} 35. Kd3 {[%clk 0:00:06]} c6 {[%clk 0:00:55]} 36. Nd2
{[%clk 0:00:07]} Be7 {[%clk 0:00:52]} 37. c4 {[%clk 0:00:05]} Bb4
{[%clk 0:00:45]} 38. Nb1 {[%clk 0:00:04]} f5 {[%clk 0:00:45]} 39. Nc3
{[%clk 0:00:05]} f4 {[%clk 0:00:32]} 40. Bf2 {[%clk 0:00:06]} g5 {[%clk 0:00:34]}
41. Na2 {[%clk 0:00:07]} Bd6 {[%clk 0:00:28]} 42. Nc1 {[%clk 0:00:07]} b5
{[%clk 0:00:24]} 43. c5 {[%clk 0:00:07]} Be7 {[%clk 0:00:22]} 44. Kc3
{[%clk 0:00:08]} g4 {[%clk 0:00:23]} 45. hxg4 {[%clk 0:00:09]} hxg4
{[%clk 0:00:24]} 46. Nd3 {[%clk 0:00:10]} Bf6 {[%clk 0:00:20]} 47. Be1
{[%clk 0:00:08]} gxf3 {[%clk 0:00:14]} 48. gxf3 {[%clk 0:00:10]} Bf7
{[%clk 0:00:15]} 49. Bd2 {[%clk 0:00:09]} Bh5 {[%clk 0:00:16]} 50. Ne1
{[%clk 0:00:10]} Be7 {[%clk 0:00:17]} 51. Nd3 {[%clk 0:00:11]} Bxf3
{[%clk 0:00:15]} 52. Nxe5 {[%clk 0:00:12]} Bxe4 {[%clk 0:00:14]} 53. Kd4
{[%clk 0:00:07]} f3 {[%clk 0:00:11]} 54. Be1 {[%clk 0:00:03]} Bd5
{[%clk 0:00:11]} 55. axb5+ {[%clk 0:00:03]} Kxb5 {[%clk 0:00:12]} 56. Ke3
{[%clk 0:00:04]} Bxc5+ {[%clk 0:00:11]} 0-1

[Event "Blitz 2018"]
[Site "Saint-Petersburg"]
[Date "2018.12.30"]
[Round "20"]
[Board "49"]
[White "Zubritskiy Artyom (RUS)"]
[Black "Roiz Michael (ISR)"]
[Result "0-1"]
[LiveChessVersion "1.4.8"]
[BlackElo "2617"]
[WhiteElo "2513"]

1. d4 {[%clk 0:03:03]} Nf6 {[%clk 0:03:03]} 2. c4 {[%clk 0:03:04]} e6
{[%clk 0:03:04]} 3. Nf3 {[%clk 0:03:05]} d5 {[%clk 0:03:05]} 4. g3
{[%clk 0:03:06]} Bb4+ {[%clk 0:03:05]} 5. Bd2 {[%clk 0:03:07]} Be7
{[%clk 0:03:05]} 6. Bg2 {[%clk 0:03:08]} c6 {[%clk 0:03:06]} 7. Qc2
{[%clk 0:03:09]} b6 {[%clk 0:02:54]} 8. b3 {[%clk 0:03:00]} O-O {[%clk 0:02:45]}
9. O-O {[%clk 0:03:00]} Nbd7 {[%clk 0:02:44]} 10. cxd5 {[%clk 0:02:32]} cxd5
{[%clk 0:02:44]} 11. Rc1 {[%clk 0:02:33]} Ba6 {[%clk 0:02:38]} 12. Qd1
{[%clk 0:02:25]} Rc8 {[%clk 0:02:34]} 13. a4 {[%clk 0:02:20]} Ne4
{[%clk 0:02:23]} 14. Nc3 {[%clk 0:01:46]} Nxd2 {[%clk 0:02:16]} 15. Nxd2
{[%clk 0:01:43]} Nb8 {[%clk 0:02:02]} 16. Nb5 {[%clk 0:01:39]} Qd7
{[%clk 0:01:57]} 17. e3 {[%clk 0:01:32]} Rxc1 {[%clk 0:01:50]} 18. Qxc1
{[%clk 0:01:15]} Rc8 {[%clk 0:01:50]} 19. Qd1 {[%clk 0:01:03]} Nc6
{[%clk 0:01:37]} 20. Bf1 {[%clk 0:01:02]} Bb7 {[%clk 0:01:36]} 21. Nf3
{[%clk 0:00:58]} a6 {[%clk 0:01:36]} 22. Nc3 {[%clk 0:00:57]} Na5
{[%clk 0:01:19]} 23. Ne2 {[%clk 0:00:38]} Qc7 {[%clk 0:01:11]} 24. Rc1
{[%clk 0:00:38]} Qd8 {[%clk 0:01:12]} 25. Rb1 {[%clk 0:00:25]} Bd6
{[%clk 0:01:00]} 26. Nf4 {[%clk 0:00:25]} Nc6 {[%clk 0:01:01]} 27. Nd3
{[%clk 0:00:19]} a5 {[%clk 0:00:54]} 28. Be2 {[%clk 0:00:14]} Rc7
{[%clk 0:00:48]} 29. Rc1 {[%clk 0:00:13]} Ne7 {[%clk 0:00:46]} 30. Nde5
{[%clk 0:00:09]} Qc8 {[%clk 0:00:40]} 31. Rxc7 {[%clk 0:00:10]} Qxc7
{[%clk 0:00:41]} 32. Bd3 {[%clk 0:00:05]} f6 {[%clk 0:00:34]} 33. Qb1
{[%clk 0:00:05]} fxe5 {[%clk 0:00:21]} 34. Bxh7+ {[%clk 0:00:06]} Kf8
{[%clk 0:00:22]} 35. Ng5 {[%clk 0:00:05]} Bc8 {[%clk 0:00:21]} 36. Qd1
{[%clk 0:00:04]} Nf5 {[%clk 0:00:16]} 37. Qh5 {[%clk 0:00:03]} exd4
{[%clk 0:00:10]} 38. Bxf5 {[%clk 0:00:04]} exf5 {[%clk 0:00:11]} 39. Qh8+
{[%clk 0:00:05]} Ke7 {[%clk 0:00:11]} 40. Qxg7+ {[%clk 0:00:06]} Ke8
{[%clk 0:00:12]} 41. Qg6+ {[%clk 0:00:07]} Kd7 {[%clk 0:00:13]} 42. Qxf5+
{[%clk 0:00:07]} Kc6 {[%clk 0:00:14]} 43. Qc2+ {[%clk 0:00:08]} Kb7
{[%clk 0:00:15]} 44. Qxc7+ {[%clk 0:00:09]} Kxc7 {[%clk 0:00:16]} 45. exd4
{[%clk 0:00:10]} Bf5 {[%clk 0:00:17]} 46. h4 {[%clk 0:00:09]} Be7
{[%clk 0:00:17]} 47. Nf3 {[%clk 0:00:09]} Bc2 {[%clk 0:00:18]} 48. Nd2
{[%clk 0:00:07]} Bb4 {[%clk 0:00:18]} 49. Nf1 {[%clk 0:00:07]} Bxb3
{[%clk 0:00:19]} 50. h5 {[%clk 0:00:09]} Bxa4 {[%clk 0:00:18]} 51. Ne3
{[%clk 0:00:09]} Bf8 {[%clk 0:00:13]} 52. Nxd5+ {[%clk 0:00:08]} Kc6
{[%clk 0:00:15]} 53. Nf4 {[%clk 0:00:06]} Bb3 {[%clk 0:00:13]} 54. g4
{[%clk 0:00:06]} a4 {[%clk 0:00:15]} 55. Ng6 {[%clk 0:00:04]} a3 {[%clk 0:00:14]}
56. Nxf8 {[%clk 0:00:04]} a2 {[%clk 0:00:15]} 57. Ng6 {[%clk 0:00:05]} a1=Q+
{[%clk 0:00:16]} 58. Kh2 {[%clk 0:00:06]} Qxd4 {[%clk 0:00:15]} 59. h6
{[%clk 0:00:06]} Qxf2+ {[%clk 0:00:15]} 60. Kh3 {[%clk 0:00:07]} Bc4
{[%clk 0:00:12]} 61. Ne5+ {[%clk 0:00:05]} Kd5 {[%clk 0:00:13]} 62. Nxc4
{[%clk 0:00:06]} Kxc4 {[%clk 0:00:13]} 63. g5 {[%clk 0:00:04]} Qf5+ 64. Kh4 Qg6
{[%clk 0:00:12]} 0-1

[Event "Blitz 2018"]
[Site "Saint-Petersburg"]
[Date "2018.12.30"]
[Round "20"]
[Board "50"]
[White "Antipov Mikhail Al. (RUS)"]
[Black "Sakaev Konstantin (RUS)"]
[Result "0-1"]
[LiveChessVersion "1.4.8"]
[BlackElo "2551"]
[WhiteElo "2604"]

1. e4 {[%clk 0:03:03]} c5 {[%clk 0:03:03]} 2. Nf3 {[%clk 0:03:04]} d6
{[%clk 0:03:04]} 3. Bb5+ {[%clk 0:03:05]} Nd7 {[%clk 0:03:04]} 4. Ba4
{[%clk 0:03:06]} Ngf6 {[%clk 0:03:05]} 5. O-O {[%clk 0:03:06]} Nxe4
{[%clk 0:02:55]} 6. Re1 {[%clk 0:03:06]} Nef6 {[%clk 0:02:49]} 7. d4
{[%clk 0:03:07]} cxd4 {[%clk 0:02:09]} 8. Nxd4 {[%clk 0:03:08]} e6
{[%clk 0:02:01]} 9. Nb5 {[%clk 0:01:49]} a6 {[%clk 0:01:26]} 10. Nxd6+
{[%clk 0:01:49]} Bxd6 {[%clk 0:01:27]} 11. Qxd6 {[%clk 0:01:49]} Qe7
{[%clk 0:01:23]} 12. Qxe7+ {[%clk 0:01:28]} Kxe7 {[%clk 0:01:24]} 13. c4
{[%clk 0:01:28]} b6 {[%clk 0:01:16]} 14. Nc3 {[%clk 0:00:56]} Bb7
{[%clk 0:01:17]} 15. Bd1 {[%clk 0:00:39]} Rac8 {[%clk 0:01:11]} 16. b3
{[%clk 0:00:27]} Nc5 {[%clk 0:00:58]} 17. Ba3 {[%clk 0:00:25]} Rhd8
{[%clk 0:00:56]} 18. Na4 {[%clk 0:00:25]} Nfd7 {[%clk 0:00:57]} 19. Be2
{[%clk 0:00:14]} Ke8 {[%clk 0:00:58]} 20. Nc3 {[%clk 0:00:13]} Ne5
{[%clk 0:00:55]} 21. Red1 {[%clk 0:00:12]} Ncd3 {[%clk 0:00:52]} 22. f3
{[%clk 0:00:08]} b5 {[%clk 0:00:52]} 23. Ne4 {[%clk 0:00:06]} Bxe4
{[%clk 0:00:51]} 24. fxe4 {[%clk 0:00:07]} bxc4 {[%clk 0:00:53]} 25. bxc4
{[%clk 0:00:07]} Rxc4 {[%clk 0:00:52]} 26. Rab1 {[%clk 0:00:06]} Rxe4
{[%clk 0:00:50]} 27. Rb7 {[%clk 0:00:05]} Rd5 {[%clk 0:00:41]} 28. Bf1
{[%clk 0:00:04]} Red4 {[%clk 0:00:36]} 29. Rdb1 {[%clk 0:00:04]} Rd7
{[%clk 0:00:37]} 30. Rb8+ Rd8 31. R8b7 {[%clk 0:00:04]} R4d7 {[%clk 0:00:40]} 32.
Rxd7 {[%clk 0:00:04]} Rxd7 {[%clk 0:00:40]} 33. Rb8+ {[%clk 0:00:05]} Rd8
{[%clk 0:00:41]} 34. Rb7 {[%clk 0:00:06]} g5 {[%clk 0:00:35]} 35. Re7+
{[%clk 0:00:05]} Kf8 {[%clk 0:00:36]} 36. Rd7+ {[%clk 0:00:05]} Ke8
{[%clk 0:00:36]} 37. Re7+ {[%clk 0:00:06]} Kf8 {[%clk 0:00:37]} 38. Rxe6+
{[%clk 0:00:04]} Kg7 {[%clk 0:00:35]} 39. Rxa6 {[%clk 0:00:05]} Rb8
{[%clk 0:00:31]} 40. Bd6 {[%clk 0:00:03]} Rb1 {[%clk 0:00:32]} 41. Ra3
{[%clk 0:00:03]} f6 {[%clk 0:00:26]} 42. h3 {[%clk 0:00:04]} Nf4 {[%clk 0:00:25]}
43. Re3 {[%clk 0:00:03]} Nc4 {[%clk 0:00:25]} 44. Re7+ {[%clk 0:00:04]} Kg6
{[%clk 0:00:26]} 45. Bc5 {[%clk 0:00:04]} Nd2 {[%clk 0:00:27]} 46. a4
{[%clk 0:00:03]} Rxf1+ {[%clk 0:00:27]} 47. Kh2 {[%clk 0:00:05]} Ra1
{[%clk 0:00:27]} 0-1